[Event "Mondiale Lampo FIDE 2019"]
[Site "Mosca"]
[Date "29.12.2019"]
[Round "2.53"]
[White "Kryakvin, Dmitry"]
[Black "Smirin, Ilia"]
[Result "0-1"]
[WhiteTitle "GM"]
[BlackTitle "GM"]
[WhiteElo "2596"]
[BlackElo "2607"]
[WhiteFideId "4153278"]
[BlackFideId "2801990"]
[EventDate "2019.12.29"]

1. d4 Nf6 2. Bg5 Ne4 3. Bf4 c5 4. f3 Qa5+ 5. c3 Nf6 6. d5 e6 7. e4 exd5 8. exd5
d6 9. Qd2 Be7 10. c4 Qxd2+ 11. Nxd2 b5 12. O-O-O Nbd7 13. Re1 Kd8 14. Nh3 h6 15.
Nf2 Nh5 16. Be3 f5 17. Nb3 a5 18. Bd2 b4 19. Na1 a4 20. g4 Nhf6 21. Be2 fxg4 22.
fxg4 Ne5 23. Bf4 Nfd7 24. Nc2 Rf8 25. Be3 Bh4 26. Ref1 Nb6 27. b3 axb3 28. axb3
Re8 29. Nd1 Bxg4 30. Bxg4 Nxg4 31. Bd2 Bf6 32. Rf3 Ne5 33. Rg3 Kd7 34. Rf1 Ra2
35. Bxh6 Nexc4 36. Bxg7 Bh4 37. Rf7+ Kc8 38. Rh3 Re2 39. Rf8+ Kb7 40. Nce3 Ra3
41. Rxh4 Nxe3 42. Rh7 Ka6 43. Bb2 Rc2+ 44. Kb1 Rxb3 45. Rf3 Rcxb2+ 46. Nxb2 Na4
47. Kc1 Nxb2 48. Rf6 Nbc4 49. Rff7 Rc3+ 50. Kb1 Nd2+ 51. Kb2 Nec4+ 52. Ka1 Ra3# 0-1

[Event "Mondiale Lampo FIDE 2019"]
[Site "Mosca"]
[Date "29.12.2019"]
[Round "2.54"]
[White "Grachev, Boris"]
[Black "Petrosyan, Manuel"]
[Result "1/2-1/2"]
[WhiteTitle "GM"]
[BlackTitle "GM"]
[WhiteElo "2614"]
[BlackElo "2613"]
[WhiteFideId "4129199"]
[BlackFideId "13300857"]
[EventDate "2019.12.29"]

1. Nf3 d5 2. d4 Nf6 3. Bf4 Bf5 4. e3 e6 5. Bd3 Bg6 6. O-O Bd6 7. Ne5 Nbd7 8. Nd2
Bxd3 9. cxd3 O-O 10. Rc1 Bxe5 11. dxe5 Ne8 12. d4 c6 13. Qg4 Qe7 14. Nf3 f5 15.
exf6 Nexf6 16. Qh4 Rae8 17. Ne5 Nxe5 18. Bxe5 Rf7 19. h3 Qb4 20. Rc2 Nd7 21. Qg3
Nxe5 22. Qxe5 Rf5 23. Qc7 e5 24. Qd7 Rff8 25. dxe5 Rxe5 26. a3 Qe7 27. Qxe7 Rxe7
28. b4 a6 29. a4 Re4 30. Rb1 Rf6 31. b5 Rxa4 32. bxa6 bxa6 33. Rb6 Ra1+ 34. Kh2
a5 35. Rbxc6 Rxc6 36. Rxc6 a4 37. Rc5 Rd1 38. Ra5 d4 39. Rxa4 dxe3 40. fxe3 Re1
41. Re4 Kf7 42. Kg3 Kf6 43. Kf3 Rf1+ 44. Ke2 Ra1 45. Rb4 h5 46. h4 g6 47. Kf3
Rf1+ 48. Kg3 Re1 49. Kf4 Rf1+ 50. Ke4 Rg1 51. Rb6+ Kg7 52. Rb7+ Kf6 53. Rb6+ Kg7
54. Kf3 Rf1+ 55. Ke2 Rh1 56. Rb4 Kf6 57. Ra4 Rb1 58. g3 Rg1 59. Kf2 Rb1 60. g4
hxg4 61. Rxg4 Rh1 62. Ra4 Rb1 63. Kg3 Rg1+ 64. Kf3 Rf1+ 65. Kg2 Re1 66. Rf4+ Ke5
67. Kf2 Rh1 68. Ra4 Kf5 69. Ra5+ Kf6 70. Kg3 Rg1+ 71. Kf3 Rf1+ 72. Ke2 Rh1 73.
Ra4 Ke5 74. Rg4 Kf5 75. Rf4+ Ke5 76. Kd2 Rg1 77. Kd3 g5 78. hxg5 Rxg5 79. Ra4
Rg1 1/2-1/2

[Event "Mondiale Lampo FIDE 2019"]
[Site "Mosca"]
[Date "29.12.2019"]
[Round "2.55"]
[White "Ismagambetov, Anuar"]
[Black "Savchenko, Boris"]
[Result "1-0"]
[WhiteTitle "GM"]
[BlackTitle "GM"]
[WhiteElo "2528"]
[BlackElo "2577"]
[WhiteFideId "13701525"]
[BlackFideId "4147332"]
[EventDate "2019.12.29"]

1. e4 c5 2. Nc3 Nc6 3. f4 g6 4. Nf3 Bg7 5. Bc4 e6 6. f5 Nge7 7. fxe6 dxe6 8. d3
a6 9. a4 Ne5 10. Nxe5 Bxe5 11. O-O Qc7 12. h3 h6 13. Qf3 Nc6 14. Ne2 g5 15. c3
b6 16. Be3 Bb7 17. Rad1 Bg7 18. Ba2 Ne5 19. Qf2 O-O 20. Ng3 Rad8 21. d4 Ng6 22.
dxc5 Rxd1 23. Rxd1 bxc5 24. Bxc5 Rd8 25. Rxd8+ Qxd8 26. Bd4 Nf4 27. Bxg7 Kxg7
28. Qd4+ Qxd4+ 29. cxd4 Nd3 30. a5 Kf6 31. Kf1 Nxb2 32. Ke2 Bc6 33. Kd2 Bb5 34.
Kc3 Nd1+ 35. Kb4 Ne3 36. e5+ Ke7 37. Kc5 h5 38. Ne4 Nxg2 39. Nxg5 h4 40. Nf3 Be2
41. Ng1 Bd1 42. Bc4 Nf4 43. Bxa6 Kd7 44. Bc4 Kc7 45. Bb5 Bb3 46. Be8 Bd5 47.
Bxf7 Nd3+ 48. Kb5 Nf4 49. a6 Bc6+ 50. Kc5 Bd5 51. Be8 Nd3+ 52. Kb5 Nf4 53. Ka5
Nd3 54. Bb5 Nf4 55. Bf1 Be4 56. Ne2 Nd5 57. Nc1 Ne3 58. Be2 Bg2 59. Nd3 Bxh3 60.
Bf3 Bg2 61. Bxg2 Nxg2 62. Nc5 Ne3 63. a7 Nc4+ 64. Kb4 Nb6 65. Nxe6+ Kb7 66. Nf4
Nd5+ 67. Nxd5 h3 68. e6 h2 69. a8=Q+ Kxa8 70. e7 h1=Q 71. e8=Q+ Ka7 72. Qd7+ Ka8
73. Qc8+ Ka7 74. Qc7+ 1-0

[Event "Mondiale Lampo FIDE 2019"]
[Site "Mosca"]
[Date "29.12.2019"]
[Round "2.56"]
[White "Tomashevsky, Evgeny"]
[Black "Gutenev, Alexander"]
[Result "1/2-1/2"]
[WhiteTitle "GM"]
[BlackTitle "IM"]
[WhiteElo "2705"]
[BlackElo "2469"]
[WhiteFideId "4147235"]
[BlackFideId "4195540"]
[EventDate "2019.12.29"]

1. d4 Nf6 2. Nf3 g6 3. Bg5 Bg7 4. Nbd2 d5 5. e3 O-O 6. Be2 b6 7. O-O Bb7 8. c3
Nbd7 9. a4 a5 10. Bh4 Re8 11. Ne5 Nxe5 12. dxe5 Nd7 13. f4 f6 14. e6 Nf8 15. f5
gxf5 16. Bd3 Bc8 17. Nf3 c5 18. Bg3 Bxe6 19. Nh4 Ng6 20. Bxf5 Bxf5 21. Nxf5 Bf8
22. Qh5 e6 23. Nh6+ Bxh6 24. Qxh6 Qe7 25. h4 Qg7 26. Qh5 Rf8 27. Qf3 Ne5 28.
Bxe5 fxe5 29. Qh3 Rae8 30. Rxf8+ Qxf8 31. Rf1 Qg7 32. Rf3 Kh8 33. h5 Rg8 34. h6
Qg6 35. Qh2 Qg5 36. Qh3 Qg6 37. Qh2 Qg5 38. Qh3 Qg6 1/2-1/2

[Event "Mondiale Lampo FIDE 2019"]
[Site "Mosca"]
[Date "29.12.2019"]
[Round "2.57"]
[White "Alekseev, Evgeny"]
[Black "Kazakouski, Valery"]
[Result "1-0"]
[WhiteTitle "GM"]
[BlackTitle "IM"]
[WhiteElo "2620"]
[BlackElo "2485"]
[WhiteFideId "4138147"]
[BlackFideId "13507443"]
[EventDate "2019.12.29"]

1. Nf3 Nf6 2. c4 e6 3. Nc3 d5 4. e3 b6 5. b3 Bb7 6. Bb2 a6 7. Be2 Bd6 8. O-O
Nbd7 9. Qc2 O-O 10. Rad1 Qe7 11. d3 Rac8 12. Qb1 c5 13. Rfe1 Rfe8 14. a4 Bc6 15.
cxd5 exd5 16. d4 Bb7 17. Bf1 Red8 18. g3 Ne4 19. dxc5 Rxc5 20. Ne2 Ndf6 21. Ned4
g6 22. Re2 Rdc8 23. Bh3 R8c7 24. Qa1 Nc3 25. Bxc3 Rxc3 26. Nd2 Be5 27. N2f3 Bd6
28. Nd2 Bb4 29. Bg2 Ba3 30. Nb1 Rc1 31. Ree1 Rxd1 32. Rxd1 Bb4 33. Nd2 Bc3 34.
Qb1 Bxd4 35. exd4 Ne4 36. Nxe4 dxe4 37. d5 Rd7 38. Qxe4 Qd8 39. Qd4 Rd6 40. h4
h5 41. Bf3 Qe7 42. Kg2 Qd8 43. Rd2 Qe7 44. Qf4 Qd8 45. Qe5 Qd7 46. Kh2 Bc8 47.
Bg2 Bb7 48. Kg1 Qd8 49. Re2 Qd7 50. Rd2 Qd8 51. Re2 Qd7 52. Qe8+ Kg7 53. Qe5+
Kg8 54. Qe8+ Kg7 55. Qxd7 Rxd7 56. Rd2 Kf6 57. f4 Ke7 58. d6+ Kd8 59. Bh3 f5 60.
Kf2 Be4 61. Bf1 Bb7 62. Bc4 Rg7 63. Be6 Bc6 64. Ke3 Bd7 65. Bd5 a5 66. Kd4 Bc8
67. Ke5 Ra7 68. Rc2 Rg7 69. Kf6 Rd7 70. Rxc8+ 1-0

[Event "Mondiale Lampo FIDE 2019"]
[Site "Mosca"]
[Date "29.12.2019"]
[Round "2.58"]
[White "Adhiban, Baskaran"]
[Black "Makarian, Rudik"]
[Result "1-0"]
[WhiteTitle "GM"]
[BlackTitle "IM"]
[WhiteElo "2654"]
[BlackElo "2397"]
[WhiteFideId "5018471"]
[BlackFideId "44105681"]
[EventDate "2019.12.29"]

1. d4 Nf6 2. c4 g6 3. Nc3 Bg7 4. e4 d6 5. f4 O-O 6. Nf3 c5 7. d5 e6 8. Be2 exd5
9. cxd5 Re8 10. e5 Nfd7 11. Ng5 h6 12. Nge4 dxe5 13. f5 gxf5 14. Nd6 Nf6 15.
Nxe8 Nxe8 16. Be3 b6 17. d6 Bb7 18. Bf3 e4 19. Bh5 Nc6 20. O-O Nxd6 21. Qe1 Nd4
22. Qg3 Kh7 23. Bf4 1-0

[Event "Mondiale Lampo FIDE 2019"]
[Site "Mosca"]
[Date "29.12.2019"]
[Round "2.59"]
[White "Frolyanov, Dmitry"]
[Black "Ivanisevic, Ivan"]
[Result "0-1"]
[WhiteTitle "GM"]
[BlackTitle "GM"]
[WhiteElo "2556"]
[BlackElo "2593"]
[WhiteFideId "4151976"]
[BlackFideId "912417"]
[EventDate "2019.12.29"]

1. e4 c6 2. Nc3 d5 3. Nf3 dxe4 4. Nxe4 Nf6 5. Nxf6+ exf6 6. d4 Bd6 7. Be2 O-O 8.
O-O Qc7 9. h3 Rd8 10. c3 Nd7 11. Qc2 Nf8 12. Be3 Be6 13. c4 Ng6 14. Bd3 Qd7 15.
Bxg6 hxg6 16. Rfd1 Bxh3 17. gxh3 Qxh3 18. Qe2 Re8 19. d5 c5 0-1

[Event "Mondiale Lampo FIDE 2019"]
[Site "Mosca"]
[Date "29.12.2019"]
[Round "2.60"]
[White "Suleymanli, Aydin"]
[Black "Safarli, Eltaj"]
[Result "0-1"]
[WhiteTitle "IM"]
[BlackTitle "GM"]
[WhiteElo "2473"]
[BlackElo "2601"]
[WhiteFideId "13413937"]
[BlackFideId "13402129"]
[EventDate "2019.12.29"]

1. Nf3 Nf6 2. b3 g6 3. Bb2 Bg7 4. g3 O-O 5. Bg2 d5 6. O-O c5 7. d4 Ne4 8. c3 Nc6
9. Nbd2 b6 10. Nxe4 dxe4 11. Ne5 Nxe5 12. dxe5 Bb7 13. Qc2 Bxe5 14. Rfd1 Qc7 15.
Bxe4 Bxe4 16. Qxe4 Rad8 17. Kg2 h5 18. h4 b5 19. Rac1 c4 20. Ba3 Bf6 21. bxc4
bxc4 22. Bb4 a5 23. Ba3 Qc8 24. f3 Qc7 25. Kf2 Be5 26. Kg2 Bf6 27. Qe3 Rd7 28.
Rxd7 Qxd7 29. Rb1 Qa4 30. Qc1 Rd8 31. Bc5 Qc6 32. Be3 Qe6 33. Kf2 Qh3 34. Qf1
Qf5 35. Qc1 Bxc3 36. Rb7 Bd4 37. Bxd4 Rxd4 38. Rxe7 Qc5 39. Re8+ Kg7 40. Qe3 Rd5
41. Qxc5 Rxc5 42. Ke1 c3 43. Kd1 c2+ 44. Kc1 Rc3 45. Re4 Ra3 46. Kxc2 Rxa2+ 47.
Kb3 Ra1 48. Kb2 Rg1 49. Ra4 Rxg3 50. Rxa5 Rg2 51. Kc3 Rxe2 52. Kd3 Re6 53. f4
Kf6 54. Rc5 Re1 55. Rc6+ Kf5 56. Rc7 f6 57. Rf7 Rh1 0-1

[Event "Mondiale Lampo FIDE 2019"]
[Site "Mosca"]
[Date "29.12.2019"]
[Round "2.61"]
[White "Guimaraes, Diogo Duarte"]
[Black "Mozharov, Mikhail"]
[Result "0-1"]
[WhiteTitle "FM"]
[BlackTitle "GM"]
[WhiteElo "2322"]
[BlackElo "2558"]
[WhiteFideId "2112450"]
[BlackFideId "4189825"]
[EventDate "2019.12.29"]

1. e4 c5 2. Nf3 e6 3. g3 Nc6 4. Bg2 Nf6 5. Nc3 d6 6. O-O Be7 7. Re1 a6 8. d4
cxd4 9. Nxd4 Bd7 10. b3 O-O 11. Bb2 Rc8 12. h3 b5 13. Kh2 Qc7 14. Rc1 Rfd8 15.
Qd3 Bf8 16. a4 Nb4 17. Qd2 bxa4 18. Nxa4 d5 19. exd5 Bxa4 20. bxa4 Nbxd5 21. c4
Nb6 22. Qa5 Bc5 23. Red1 Rd7 24. f4 Rcd8 25. Qc3 Rxd4 26. Rxd4 Bxd4 27. Qxd4
Rxd4 28. Bxd4 Qd8 29. Be5 Nfd7 30. Rd1 Qc8 31. c5 Nxc5 32. Rb1 Nbd7 33. Bd6 h6
34. a5 Qd8 35. Ra1 Nb3 36. Rd1 Nf6 37. Bf3 Qxa5 38. Be5 Nd5 39. Rb1 Qa2+ 40. Rb2
Qa3 41. g4 a5 42. Rc2 Nc5 43. Kg3 f6 44. Bd4 Ne4+ 45. Kg2 Ne3+ 46. Bxe3 Qxe3 47.
Re2 Qxf4 48. Rxe4 Qd6 49. Re2 a4 50. Ra2 a3 51. Rc2 Qa6 52. Rc6 Qxc6 0-1

[Event "Mondiale Lampo FIDE 2019"]
[Site "Mosca"]
[Date "29.12.2019"]
[Round "2.62"]
[White "Murzin, Volodar"]
[Black "Grigoriants, Sergey"]
[Result "1/2-1/2"]
[WhiteTitle "IM"]
[BlackTitle "GM"]
[WhiteElo "2442"]
[BlackElo "2542"]
[WhiteFideId "44155573"]
[BlackFideId "4130804"]
[EventDate "2019.12.29"]

1. e4 e5 2. Nf3 Nc6 3. Bb5 a6 4. Ba4 Nf6 5. O-O b5 6. Bb3 Bc5 7. d3 d6 8. a3 h6
9. Nc3 O-O 10. Nd5 Be6 11. Be3 Bxe3 12. fxe3 Bxd5 13. exd5 Ne7 14. e4 Ng6 15.
Qd2 Nd7 16. Rae1 a5 17. c3 Qb8 18. d4 Qb6 19. Kh1 Rae8 20. Bc2 Re7 21. Ng1 b4
22. Ne2 bxa3 23. bxa3 c6 24. Rb1 Qc7 25. Ng3 c5 26. Nf5 Ree8 27. Rb5 Rb8 28.
Rfb1 Rxb5 29. Rxb5 Rb8 30. Rxb8+ Qxb8 31. g3 Qb6 32. Kg2 Kf8 33. Ba4 Nf6 34.
dxc5 Qxc5 35. Qb2 Kg8 36. Qc2 Qxa3 37. h4 h5 38. c4 Qb4 39. c5 Qxc5 40. Qxc5
dxc5 41. d6 Nf8 42. Kf3 Ne6 43. Ke3 Kf8 44. Kd3 g6 45. Ne3 Ne8 46. Nc4 Nf6 47.
Nxe5 Nd4 48. Nc4 Ng4 49. e5 f6 50. exf6 Nxf6 51. Nxa5 Nf5 52. Nb7 Kf7 53. d7
Nxd7 54. Bxd7 Nxg3 55. Ke3 c4 56. Kf4 c3 57. Ba4 Ne2+ 58. Ke3 Ng3 59. Bc2 Kf6
60. Nd6 g5 61. hxg5+ Kxg5 62. Ne4+ Nxe4 63. Bxe4 1/2-1/2

[Event "Mondiale Lampo FIDE 2019"]
[Site "Mosca"]
[Date "29.12.2019"]
[Round "2.63"]
[White "Jumabayev, Rinat"]
[Black "Baron, Tal"]
[Result "1-0"]
[WhiteTitle "GM"]
[BlackTitle "GM"]
[WhiteElo "2646"]
[BlackElo "2541"]
[WhiteFideId "13702661"]
[BlackFideId "2809958"]
[EventDate "2019.12.29"]

1. d4 Nf6 2. Bf4 d5 3. e3 e6 4. Nf3 Bd6 5. Bg3 O-O 6. c4 Bxg3 7. hxg3 c5 8. Nc3
cxd4 9. Qxd4 Nc6 10. Qh4 dxc4 11. Ne4 Qa5+ 12. Nfd2 Rd8 13. Nxf6+ gxf6 14. Rd1
Qf5 15. Bxc4 b5 16. Be2 Bb7 17. Ne4 Rxd1+ 18. Bxd1 Ne5 19. Nxf6+ Kg7 20. Nh5+
Kf8 21. Qb4+ Kg8 22. Nf4 Rd8 23. Rh5 Qxh5 24. Bxh5 1-0

[Event "Mondiale Lampo FIDE 2019"]
[Site "Mosca"]
[Date "29.12.2019"]
[Round "2.64"]
[White "Svidler, Peter"]
[Black "Zarnicki, Pablo"]
[Result "1-0"]
[WhiteTitle "GM"]
[BlackTitle "GM"]
[WhiteElo "2723"]
[BlackElo "2514"]
[WhiteFideId "4102142"]
[BlackFideId "100137"]
[EventDate "2019.12.29"]

1. c4 Nf6 2. Nf3 e6 3. b3 d5 4. Bb2 Be7 5. e3 O-O 6. Nc3 b6 7. g4 Bb7 8. Rg1
Nbd7 9. Qc2 dxc4 10. Be2 cxb3 11. axb3 Nc5 12. d4 Ncd7 13. e4 c5 14. g5 Ne8 15.
d5 exd5 16. Nxd5 Bxd5 17. exd5 Qc7 18. Kf1 Bd6 19. Bd3 g6 20. Re1 a6 21. Qc3 f6
22. gxf6 Nexf6 23. Bxg6 hxg6 24. Rxg6+ Kh7 25. Qc2 Kh8 26. Rh6+ 1-0

[Event "Mondiale Lampo FIDE 2019"]
[Site "Mosca"]
[Date "29.12.2019"]
[Round "2.65"]
[White "Bartel, Mateusz"]
[Black "Zubov, Alexander"]
[Result "1/2-1/2"]
[WhiteTitle "GM"]
[BlackTitle "GM"]
[WhiteElo "2634"]
[BlackElo "2601"]
[WhiteFideId "1112635"]
[BlackFideId "14109409"]
[EventDate "2019.12.29"]

1. e4 c5 2. Nf3 e6 3. d4 cxd4 4. Nxd4 a6 5. Nc3 b5 6. Bd3 Qb6 7. Nf3 Qc7 8. O-O
Bb7 9. Re1 Be7 10. e5 f5 11. Bf4 g6 12. Nd4 h5 13. Qd2 Nc6 14. Nxc6 Qxc6 15. Bf1
h4 16. h3 Rh5 17. a4 b4 18. Ne2 g5 19. Nd4 Qd5 20. Bh2 g4 21. Rad1 gxh3 22. Nf3
Qxd2 23. Rxd2 hxg2 24. Bxg2 h3 25. Bh1 Nh6 26. Bf4 Ng4 27. Nh2 Bxh1 28. Kxh1 Rc8
29. Nxg4 fxg4 30. Re4 Rh7 31. Bg3 Rg7 32. Kh2 a5 33. Red4 Rc7 34. Re4 Kd8 35.
Red4 Kc8 36. Re2 Bc5 37. Rf4 Bb6 38. Rfe4 Kb7 39. Rd2 Bc5 40. Rc4 Kb6 41. Re4
Be7 42. Red4 Bc5 43. Re4 Kb7 44. Rc4 Kb8 45. Re4 Rg8 46. Rde2 Bb6 47. Rd2 Kc8
48. Rf4 Rc6 49. Rf7 Rc7 50. Rf4 Bc5 51. Rc4 Bf8 52. Re4 Bh6 53. Rde2 Rc5 54. Rd4
Kc7 55. Rde4 Kc6 56. Rd4 Rd5 57. Rc4+ Kb7 58. Ree4 Rd2 59. Red4 Rc8 60. Rxc8
Rxd4 61. Rc5 Rd2 62. Rxa5 Be3 63. Rb5+ Kc6 64. Rxb4 Bxf2 65. Rxg4 Rxc2 66. b4
Bxg3+ 67. Kxg3 h2 68. Rh4 Kd5 69. Rxh2 Rc3+ 70. Kf4 Rc4+ 71. Kg5 Rxb4 72. Rd2+
Kxe5 73. Rxd7 Rxa4 74. Rd1 Re4 75. Rd2 Rd4 76. Re2+ Kd5 77. Kf6 Rf4+ 78. Kg5 Rf3
79. Kg4 Rf8 80. Kg3 Rf5 81. Rd2+ Kc4 82. Re2 e5 83. Re1 Kd4 84. Rd1+ Ke3 85.
Re1+ Kd2 86. Re4 Kd3 87. Re1 e4 88. Kg2 e3 89. Ra1 e2 90. Ra3+ Kc4 91. Re3 1/2-1/2

[Event "Mondiale Lampo FIDE 2019"]
[Site "Mosca"]
[Date "29.12.2019"]
[Round "2.66"]
[White "Dubov, Daniil"]
[Black "Galkin, Alexander"]
[Result "1/2-1/2"]
[WhiteTitle "GM"]
[BlackTitle "GM"]
[WhiteElo "2690"]
[BlackElo "2611"]
[WhiteFideId "24126055"]
[BlackFideId "4120426"]
[EventDate "2019.12.29"]

1. c4 e6 2. Nc3 d5 3. d4 c6 4. g3 Nf6 5. Bg2 Be7 6. Nf3 O-O 7. O-O Nbd7 8. Bf4
Nh5 9. Bc1 Nhf6 10. b3 b6 11. Bb2 Bb7 12. e3 Rc8 13. Qe2 Qc7 14. Rfd1 Rfe8 15.
Rac1 Qb8 16. Ne5 h6 17. f4 Red8 18. g4 Nxe5 19. fxe5 Nh7 20. Rf1 Rf8 21. Qc2 Ba6
22. Rf2 dxc4 23. bxc4 Bxc4 24. Ne2 b5 25. Nf4 Bh4 26. Rd2 Bg5 27. Ba3 c5 28.
Bxc5 Rxc5 29. dxc5 Qxe5 30. Qc3 Qxc5 31. Kh1 Nf6 32. h3 a6 33. a4 Qc7 34. axb5
axb5 1/2-1/2

[Event "Mondiale Lampo FIDE 2019"]
[Site "Mosca"]
[Date "29.12.2019"]
[Round "2.67"]
[White "Dominguez Perez, Leinier"]
[Black "Potkin, Vladimir"]
[Result "1-0"]
[WhiteTitle "GM"]
[BlackTitle "GM"]
[WhiteElo "2758"]
[BlackElo "2583"]
[WhiteFideId "3503240"]
[BlackFideId "4131061"]
[EventDate "2019.12.29"]

1. e4 e5 2. Nf3 Nc6 3. Bc4 Bc5 4. c3 Nf6 5. d3 d6 6. Nbd2 O-O 7. O-O a5 8. h3 h6
9. Re1 a4 10. Bb5 Bd7 11. Nf1 Ne7 12. Bxd7 Qxd7 13. Ng3 Qb5 14. d4 Bb6 15. Qc2
Rfe8 16. Be3 exd4 17. Bxd4 Bxd4 18. cxd4 Qb6 19. Rac1 c6 20. Re3 Ng6 21. Nf5
Rad8 22. Nd2 Ne7 23. Nc4 Qc7 24. Nfxd6 Rf8 25. e5 Nfd5 26. Rg3 c5 27. Ne3 b6 28.
Nef5 Nxf5 29. Nxf5 g6 30. Nxh6+ Kh7 31. Ng4 Qc6 32. Qd2 Qe6 33. dxc5 bxc5 34.
Rxc5 Kg8 35. Rxd5 1-0

[Event "Mondiale Lampo FIDE 2019"]
[Site "Mosca"]
[Date "29.12.2019"]
[Round "2.69"]
[White "Amin, Bassem"]
[Black "Mikhailovsky, Vladimir"]
[Result "1-0"]
[WhiteTitle "GM"]
[BlackTitle "CM"]
[WhiteElo "2683"]
[BlackElo "2209"]
[WhiteFideId "10601457"]
[BlackFideId "34105414"]
[EventDate "2019.12.29"]

1. e4 c6 2. d4 g6 3. Nf3 Bg7 4. Bd3 d5 5. e5 h5 6. O-O Nh6 7. Ng5 c5 8. c3 Nc6
9. e6 f5 10. dxc5 O-O 11. Bf4 d4 12. Re1 Qd5 13. h3 Qxc5 14. Qd2 Rd8 15. c4 Ne5
16. b4 Qd6 17. Qe2 Qxb4 18. Bxe5 Bxe5 19. Qxe5 Qb2 20. Qa5 b6 21. Qa3 Qxa3 22.
Nxa3 Kg7 23. Nb5 Kf6 24. f4 Bb7 25. Rad1 a6 26. Na3 Rac8 27. Be2 Rc5 28. Nc2 Ra5
29. a3 Bc6 30. Rxd4 Rc8 31. Ra1 Ba4 32. Nb4 Bb3 33. Nd5+ Kg7 34. Nxe7 Re8 35.
Rd7 Ba4 36. Nc6+ Kf6 37. Nxa5 Bxd7 38. exd7 Rd8 39. Rd1 bxa5 40. c5 1-0

[Event "Mondiale Lampo FIDE 2019"]
[Site "Mosca"]
[Date "29.12.2019"]
[Round "2.70"]
[White "Narayanan, Srinath"]
[Black "Nihal, Sarin"]
[Result "1/2-1/2"]
[WhiteTitle "GM"]
[BlackTitle "GM"]
[WhiteElo "2529"]
[BlackElo "2612"]
[WhiteFideId "5018420"]
[BlackFideId "25092340"]
[EventDate "2019.12.29"]

1. e4 e5 2. Nf3 Nc6 3. Nc3 Nf6 4. d4 exd4 5. Nxd4 Bb4 6. Nxc6 bxc6 7. Bd3 d5 8.
exd5 O-O 9. O-O Bg4 10. f3 Bh5 11. dxc6 Qd4+ 12. Kh1 Bxc3 13. bxc3 Qxc3 14. Bf4
Qxc6 15. Qe2 a6 1/2-1/2

[Event "Mondiale Lampo FIDE 2019"]
[Site "Mosca"]
[Date "29.12.2019"]
[Round "2.71"]
[White "Xu, Xiangyu"]
[Black "Adly, Ahmed"]
[Result "0-1"]
[WhiteTitle "GM"]
[BlackTitle "GM"]
[WhiteElo "2582"]
[BlackElo "2607"]
[WhiteFideId "8608288"]
[BlackFideId "10601619"]
[EventDate "2019.12.29"]

1. e4 c6 2. Nf3 d5 3. d3 dxe4 4. dxe4 Qxd1+ 5. Kxd1 Bg4 6. Be2 Nd7 7. Be3 Ngf6
8. Nbd2 e6 9. h3 Bh5 10. g4 Bg6 11. Bd3 Bc5 12. Ke2 O-O-O 13. Nb3 Bxe3 14. Kxe3
Nb6 15. a4 Nxe4 16. Bxe4 Nc4+ 17. Kf4 e5+ 18. Nxe5 Nxe5 19. Bxg6 Nxg6+ 20. Kg3
h5 21. Rae1 Rd5 22. f4 Rhd8 23. Rhf1 f6 24. Rf3 h4+ 25. Kf2 Rd1 26. Ke2 Rxe1+
27. Kxe1 Re8+ 28. Kf2 Re4 29. f5 Ne5 30. Re3 Rxa4 31. Re2 Ra2 32. Nc5 Rxb2 33.
Ne6 Nf7 34. Nxg7 Ng5 35. Kg2 a5 36. Ne6 Nf7 37. g5 fxg5 38. Nc5 Rb5 39. Re8+ Kc7
40. Ne6+ Kd7 41. Rf8 Rxf5 42. Ng7 Rf4 43. Nh5 Ke7 44. Ra8 Rc4 45. Rxa5 Rxc2+ 46.
Kf3 Rc3+ 47. Kg4 Ke6 48. Ra7 Rb3 49. Ra8 Rb4+ 50. Kf3 Ne5+ 51. Ke3 Kf7 52. Ra5
Rb5 0-1

[Event "Mondiale Lampo FIDE 2019"]
[Site "Mosca"]
[Date "29.12.2019"]
[Round "2.72"]
[White "Zhigalko, Sergei"]
[Black "Santos Ruiz, Miguel"]
[Result "0-1"]
[WhiteTitle "GM"]
[BlackTitle "GM"]
[WhiteElo "2571"]
[BlackElo "2585"]
[WhiteFideId "13502956"]
[BlackFideId "22291482"]
[EventDate "2019.12.29"]

1. e4 e5 2. Nf3 Nc6 3. Bb5 Nf6 4. d3 Bc5 5. Bxc6 dxc6 6. Nbd2 Be6 7. O-O Bd6 8.
Re1 Nd7 9. Nc4 Bxc4 10. dxc4 Qe7 11. Qe2 f6 12. Be3 b6 13. Red1 Nf8 14. c3 a5
15. Qc2 c5 16. Rd5 Ne6 17. Rad1 O-O 18. Nh4 g6 19. Nf3 Rae8 20. Qa4 Nf4 21. Bxf4
exf4 22. Re1 Qf7 23. h3 Re6 24. Rd2 Rfe8 25. Rde2 g5 26. Qd1 h5 27. Qd5 Kg7 28.
e5 Bxe5 29. Nxe5 Rxe5 30. Rxe5 Qxd5 31. Rxe8 Qxc4 32. a3 Qb3 33. R8e2 Kg6 34.
Rd2 Qa2 35. Re7 Qa1+ 36. Kh2 Qc1 37. Rde2 Qd1 38. R2e6 f3 39. Rxc7 fxg2 0-1

[Event "Mondiale Lampo FIDE 2019"]
[Site "Mosca"]
[Date "29.12.2019"]
[Round "2.73"]
[White "Rozum, Ivan"]
[Black "Anton Guijarro, David"]
[Result "0-1"]
[WhiteTitle "GM"]
[BlackTitle "GM"]
[WhiteElo "2573"]
[BlackElo "2685"]
[WhiteFideId "24104272"]
[BlackFideId "2285525"]
[EventDate "2019.12.29"]

1. Nf3 f5 2. d3 d6 3. e4 e5 4. Nc3 Nc6 5. h3 Nge7 6. exf5 Nxf5 7. g4 Nfd4 8.
Nxd4 Nxd4 9. Bg2 Be7 10. O-O O-O 11. f4 exf4 12. Bxf4 c6 13. Qd2 Ne6 14. Be3 d5
15. d4 Bd7 16. Ne2 Bd6 17. Rxf8+ Qxf8 18. Rf1 Qe7 19. g5 Bc7 20. h4 Qd6 21. Bf4
Nxf4 22. Qxf4 Qxf4 23. Nxf4 Re8 24. c3 Bg4 25. Rf2 g6 26. Bf1 Bf5 27. Kg2 Re4
28. Kg3 Kg7 29. Bg2 Re3+ 30. Rf3 Re2 31. Bf1 Rxb2 32. h5 gxh5 33. Kh4 Bxf4 34.
Rxf4 Bg6 35. c4 Rxa2 36. cxd5 cxd5 37. Rf6 Rd2 38. Rd6 Rxd4+ 39. Kg3 h4+ 40. Kf3
Bf5 41. Ke3 Re4+ 42. Kf3 Re1 43. Kf2 Re5 44. Kf3 Re1 45. Kf2 Rd1 46. Be2 Rd4 47.
Ke3 Re4+ 48. Kf3 Bg4+ 0-1

[Event "Mondiale Lampo FIDE 2019"]
[Site "Mosca"]
[Date "29.12.2019"]
[Round "2.75"]
[White "Sarana, Alexey"]
[Black "Harsha, Bharathakoti"]
[Result "1-0"]
[WhiteTitle "GM"]
[BlackTitle "GM"]
[WhiteElo "2663"]
[BlackElo "2523"]
[WhiteFideId "24133795"]
[BlackFideId "5078776"]
[EventDate "2019.12.29"]

1. e4 c5 2. Nf3 Nc6 3. d4 cxd4 4. Nxd4 Nf6 5. Nc3 e5 6. Ndb5 d6 7. Bg5 a6 8. Na3
b5 9. Bxf6 gxf6 10. Nd5 f5 11. Bd3 Be6 12. c3 Bg7 13. Qh5 Rc8 14. Nc2 O-O 15.
Nce3 fxe4 16. Bxe4 f5 17. Nxf5 Rxf5 18. Bxf5 Bxd5 19. Qxh7+ Kf8 20. Rd1 Ne7 21.
Bxc8 Qxc8 22. Qh4 Qe6 23. f3 Bxa2 24. O-O Kg8 25. Qg5 Bc4 26. Rfe1 Ng6 27. Re4
Bb3 28. Rd2 Kh7 29. Qg4 Qe7 30. f4 Bh6 31. f5 Nf8 32. Rf2 Qf6 33. Re1 Bf7 34.
Qe2 Bc4 35. Qe4 Nd7 36. Qb7 Qf7 37. f6 Nc5 38. Qxf7+ Bxf7 39. Rf3 e4 40. Rf5 Kg6
41. Rff1 e3 42. Rf3 Nd3 43. Re2 Ne5 44. Rfxe3 Bxe3+ 45. Rxe3 Kxf6 46. h3 a5 47.
g4 b4 48. cxb4 axb4 49. Kg2 d5 50. Rb3 Nc6 51. Rf3+ Kg7 52. Rf4 d4 53. Kf2 Be6
54. h4 Ne5 55. Rxd4 Nxg4+ 56. Kg3 Ne3 57. Rxb4 Nf5+ 58. Kf4 Kf6 59. h5 Ne7 60.
Rb5 Nd5+ 61. Ke4 Ne7 62. Rc5 Nf5 63. b4 Nd6+ 64. Kf4 Bd7 65. Rd5 Ke6 66. Rd1 Nf7
67. Ra1 Bb5 68. Ra5 Nd6 69. h6 Kf6 70. Ra7 Nf7 71. h7 Nh8 72. Ke4 Kg6 73. Kd4
Be2 74. Re7 Bf1 75. Kc5 Kh6 76. b5 Ng6 77. Rf7 Bg2 78. b6 Be4 79. Kd4 Bc6 80.
Kc5 Be4 81. b7 Bxb7 82. Rxb7 Nh8 83. Kd5 Kg6 84. Ke5 Kg5 85. Rg7+ Kh6 1-0